| 000 | 00464 a2200145 4500 | ||
|---|---|---|---|
| 005 | 20250507144843.0 | ||
| 020 | _a0-538-82246-5 | ||
| 082 | _a658.302 MOS | ||
| 100 | _aMOSLEY, D. C. | ||
| 245 | _aSupervisory Management: The Art of Empowering and Developing people | ||
| 260 |
_aCincinnati, _bSouth-Western Publishing, _c1993. |
||
| 300 |
_axiv, 656p.: ill.; figure, table. _bGlossary, index. _c24cm. |
||
| 700 | _aMEGGINSON, L. C. & PIETRI, P. H. | ||
| 942 |
_2ddc _cBKS |
||
| 999 |
_c2137 _d2137 |
||